| 000 | 00489nam a2200193Ia 4500 | ||
|---|---|---|---|
| 008 | 170705s9999 xx 000 0 und d | ||
| 020 | _a9780439902540 | ||
| 245 | _aFlight of the blue serpent / | ||
| 245 | _cTony Abbott ; illustrated by Royce Fitzgerald. | ||
| 260 | _aNew York : | ||
| 260 | _bScholastic, | ||
| 260 | _c2008 | ||
| 300 | _a119 pages : | ||
| 300 | _bcolor illustration ; | ||
| 300 | _c19cm. | ||
| 440 | _aThe secrets of droon ; | ||
| 440 | _v33 | ||
| 500 | _a630 | ||
| 999 |
_c336218 _d336218 |
||